[Event "HCL-E018"]
[Site "www.playchess.de"]
[Date "2001.02.25"]
[Round "2"]
[White "Merscheid"]
[Black "Brrrr"]
[WhiteElo "2289"]
[BlackElo "1806"]
[PlyCount "55"]
[Result "1-0"]

1.e4 c5 2.Nf3 d6 3.Nc3 Nf6 {Happy New Year! :-)}  
4.d4 {Have a nice and peacefull year too}  cxd4 
{Thanks.}  5.Nxd4 a6 6.Be2 e5 7.Nb3 Be7 8.O-O O-O 
9.Qd3 {-----------------------}  b5 {(Just type a 
space to remove any comments) :-)}  10.a4 b4 
11.Nd5 Nxd5 12.Qxd5 Qc7 13.Qxa8 Nd7 {I must be 
blind.}  14.Qd5 Qxc2 15.Re1 Qc7 16.Qc4 Qxc4 
17.Bxc4 Nb6 18.Bd3 Nd7 19.Be3 Nf6 20.Bd2 Be6 
21.Na5 Bd7 22.Bxb4 Rb8 23.Ba3 Bxa4 24.Bxa6 Ra8 
25.Bb4 Rxa6 26.Rxa4 g6 27.b3 Bf8 
28.Nc4 1-0

[Event "HCL-M002"]
[Site "www.playchess.de"]
[Date "2001.02.25"]
[Round "8"]
[White "varelagm"]
[Black "rayschutt"]
[WhiteElo "2200"]
[BlackElo "2200"]
[PlyCount "54"]
[Result "0-1"]

1.d4 Nf6 2.c4 c5 3.d5 e6 4.Nc3 exd5 5.cxd5 d6 6.e4 
g6 7.f4 Bg7 8.Bb5+ Nfd7 9.a4 O-O 10.Bd3 Bxc3+ 
11.bxc3 Re8 12.Ne2 Nf6 13.Qc2 Qe7 14.O-O Nxe4 
15.Bb2 Nf6 16.c4 Bg4 17.Ng3 Qe3+ 18.Kh1 Nbd7 
19.Ra3 Qe7 20.Qc3 Qe3 21.Qc2 Qe7 22.Qc3 Qe3 23.f5 
Ne5 24.fxg6 fxg6 25.Bxg6 Qxc3 26.Bxc3 Nxg6 27.Rxf6 
Re3 0-1

[Event "ACL-A048"]
[Site "www.playchess.de"]
[Date "2001.02.25"]
[Round "36"]
[White "BruceWillis"]
[Black "vrad"]
[WhiteElo "1500"]
[BlackElo "1571"]
[PlyCount "46"]
[Result "0-1"]

1.e4 c6 2.d4 d5 3.Nc3 dxe4 4.Nxe4 Nd7 5.Bc4 Ngf6 
6.Ng5 e6 7.Qe2 Nb6 8.Bd3 h6 9.N5f3 c5 10.dxc5 Bxc5 
11.Ne5 O-O 12.Ngf3 Nbd5 13.a3 Qc7 14.c4 Nb6 15.b4 
Be7 16.Bb2 a5 17.b5 Nbd7 18.Nxd7 Nxd7 19.O-O Bf6 
20.Bxf6 Nxf6 21.Ne5 b6 22.Rad1 Bb7 23.a4 
Rfd8 0-1

[Event "ACL-A065"]
[Site "www.playchess.de"]
[Date "2001.02.25"]
[Round "7"]
[White "Edik"]
[Black "Hermi"]
[WhiteElo "1500"]
[BlackElo "2070"]
[PlyCount "39"]
[Result "1/2-1/2"]

1.e4 c6 2.d4 d5 3.Nc3 dxe4 4.Nxe4 Nd7 5.Nf3 Ngf6 
6.Ng3 e6 7.Bf4 Qb6 8.Rb1 c5 9.c3 cxd4 10.Qxd4 Bc5 
11.Qd2 O-O 12.Bc4 e5 13.Bg5 e4 14.Nd4 Ne5 15.Be2 
Nd3+ 16.Bxd3 exd3 17.O-O Bxd4 18.cxd4 Qxd4 19.Bxf6 
Qxf6 20.Qxd3 1/2-1/2

[Event "ACL-A065"]
[Site "www.playchess.de"]
[Date "2001.02.25"]
[Round "8"]
[White "Goofy"]
[Black "Edik"]
[WhiteElo "1740"]
[BlackElo "1500"]
[PlyCount "55"]
[Result "1-0"]

1.d4 Nf6 2.c4 g6 3.Nc3 Bg7 4.e4 d6 5.f3 O-O 6.Be3 
b6 7.Bd3 Bb7 8.Qd2 c5 9.Nge2 Nc6 10.d5 Ne5 11.O-O 
Nfd7 12.Nf4 Nxd3 13.Nxd3 Ne5 14.Nxe5 Bxe5 15.f4 
Bg7 16.f5 Qd7 17.Kh1 Rae8 18.Bh6 {Not yet}  Bc8 
19.Rf3 f6 20.fxg6 hxg6 21.Raf1 g5 22.Bxg7 Kxg7 
23.Rg3 e5 24.Rxf6 Rxf6 25.Qxg5+ Kf8 26.Qxf6+ Qf7 
27.Qxd6+ Re7 28.Rf3 1-0

[Event "ACL-A070"]
[Site "www.playchess.de"]
[Date "2001.02.25"]
[Round "30"]
[White "dom"]
[Black "Alcoholic"]
[WhiteElo "1500"]
[BlackElo "1517"]
[PlyCount "25"]
[Result "1-0"]

1.e4 e5 2.Nf3 Nc6 3.Bc4 Bc5 4.c3 Nf6 5.d3 a6 6.Bg5 
O-O 7.d4 exd4 8.cxd4 Bb4+ 9.Nc3 h6 10.Bxf6 Qxf6 
11.O-O Bxc3 12.bxc3 d6 13.Re1 1-0

[Event "ACL-A074"]
[Site "www.playchess.de"]
[Date "2001.02.25"]
[Round "18"]
[White "chrisg"]
[Black "FOFAO"]
[WhiteElo "1784"]
[BlackElo "1500"]
[PlyCount "21"]
[Result "1-0"]

1.e4 e5 2.Nf3 Nc6 3.d4 Qf6 4.d5 Nd4 5.Nxd4 exd4 
6.Nd2 Bc5 {Quickly!}  7.Bc4 d3 {Please,move.}  
8.O-O dxc2 9.Qxc2 d6 10.Nb3 Bb6 
11.a4 1-0

[Event "ACL-A079"]
[Site "www.playchess.de"]
[Date "2001.02.25"]
[Round "6"]
[White "chessnut"]
[Black "robert66"]
[WhiteElo "1500"]
[BlackElo "1500"]
[PlyCount "21"]
[Result "1-0"]

1.c4 e5 2.g3 Nf6 3.Bg2 c6 4.d4 exd4 5.Qxd4 Bb4+ 
6.Bd2 Bxd2+ 7.Nxd2 O-O 8.Ngf3 d6 9.O-O Be6 10.Rad1 
Qc7 11.Ne4 1-0

[Event "ACL-A084"]
[Site "www.playchess.de"]
[Date "2001.02.25"]
[Round "1"]
[White "iq160"]
[Black "hun"]
[WhiteElo "1676"]
[BlackElo "1620"]
[PlyCount "75"]
[Result "1-0"]

1.e4 c5 2.d3 Nc6 3.g3 g6 4.Bg2 Bg7 5.f4 d6 6.a4 
Nd4 7.Nd2 Nf6 8.Ngf3 Bg4 9.h3 Nxf3+ 10.Nxf3 Bd7 
11.c3 Nh5 12.Kf2 O-O 13.Be3 Qb6 14.Qd2 Qa5 15.e5 
Bh8 16.g4 Ng7 17.b3 Ne6 18.f5 Nc7 19.Bh6 Rfb8 
20.Rhe1 Bc6 21.b4 cxb4 22.cxb4 Qd5 23.b5 Bd7 
24.Rac1 Ne8 25.e6 fxe6 26.fxe6 Bxe6 27.Rc4 {Deine 
dame ist ja arg verklemmt}  Bf6 {  ;)}  28.Ng5 
Bd4+ 29.Kg3 Qe5+ {und jetzt wird SIE "abdanken"  
:(}  30.Rxe5 {war aber ein interessantes Spiel hat 
mich zwar nicht gefordert aber ist ja egal ich 
mach mal pause.}  Bxe5+ {pause? wie lange?  :)  
Gruß  L.}  31.Rf4 Bb3 32.d4 {lustig wie deine 2 
Türme dastehn und interessiert zuschauen wie der 
König matt wird}  Bf6 {ha-ha,  irgendwie werde ich 
diese Türme noch einsetzen...  :)}  33.Rxf6 {ich 
brauch jedenfalls keinen Turm mehr}  exf6 { ;)}  
34.Qe3 Kh8 35.Qe7 fxg5 36.Qf8+ Bg8 {Hi!   ;))}  
37.Bd5 Rbc8 38.Qxg8+ 1-0

[Event "HCL-C161"]
[Site "www.playchess.de"]
[Date "2001.02.25"]
[Round "8"]
[White "Zooey"]
[Black "Hefley"]
[WhiteElo "1601"]
[BlackElo "1000"]
[PlyCount "35"]
[Result "1-0"]

1.e4 {Hello there and good luck!}  e5 {gl 2 u  2}  
2.Bc4 Nc6 {hope we have a fun game}  3.d3 Nf6 4.f4 
d6 5.Nf3 Bg4 {whats up tonight}  6.Nc3 Be7 7.Be3 
a6 8.f5 b5 9.Bb3 g6 10.h3 Bxf3 {i guess nothing 
has been up for the past week huh?}  11.Qxf3 
{waddaya mean - world politics or chess-wise?=:)}  
Rb8 12.O-O-O a5 13.a4 b4 14.Nd5 Rb7 15.Nxf6+ Bxf6 
16.Bd5 Kd7 17.fxg6 fxg6 18.Qg4+ 1-0

[Event "ACL-A084"]
[Site "www.playchess.de"]
[Date "2001.02.25"]
[Round "8"]
[White "hun"]
[Black "Hefley"]
[WhiteElo "1620"]
[BlackElo "1500"]
[PlyCount "29"]
[Result "1-0"]

1.e4 e5 2.Nf3 Nc6 3.Bb5 Bc5 4.O-O Nge7 5.Nxe5 
Bxf2+ 6.Rxf2 Nxe5 7.d4 N5g6 8.Nc3 c6 9.Qf3 O-O 
10.Bc4 d6 11.Bxf7+ Kh8 {i think that was a mistake 
by you}  12.Qg3 {  ;))}  b5 13.Bg5 a5 {and by u i 
mean me}  14.Bxg6 Rxf2 15.Qxf2 {  :)} 
 1-0

[Event "HCL-C159"]
[Site "www.playchess.de"]
[Date "2001.02.25"]
[Round "21"]
[White "guerino"]
[Black "Stef"]
[WhiteElo "1067"]
[BlackElo "1000"]
[PlyCount "49"]
[Result "1-0"]

1.e4 e5 2.Nf3 Nh6 3.Bc4 d6 4.O-O c5 5.h3 b6 6.Bd5 
a5 7.d3 Be7 8.Nc3 Ra7 9.Bd2 O-O 10.Nb5 Rc7 11.Nxc7 
Qxc7 12.Bxh6 gxh6 13.Nh2 Na6 14.Qh5 Be6 15.Bxe6 
fxe6 16.Ng4 Nb4 17.Nxh6+ Kh8 18.Rfc1 a4 19.a3 d5 
20.axb4 cxb4 21.Rxa4 Bc5 22.Rf1 d4 23.Rfa1 Rf6 
24.R4a8+ Kg7 25.Rg8+ 1-0

[Event "ACL-A083"]
[Site "www.playchess.de"]
[Date "2001.02.25"]
[Round "9"]
[White "Mother_Teresa"]
[Black "Brent"]
[WhiteElo "1505"]
[BlackElo "1500"]
[PlyCount "52"]
[Result "0-1"]

1.e4 e5 2.Nf3 Nc6 3.Bc4 d6 4.d3 Be6 5.Bxe6 fxe6 
6.Nc3 Nf6 7.Bg5 Be7 8.O-O O-O 9.a3 a6 10.h3 Rf7 
11.Ne2 h6 12.Bh4 Nh7 13.Bxe7 Nxe7 14.b4 Ng6 15.c4 
Nh4 16.Nxh4 Qxh4 17.Ng3 Raf8 18.Qd2 Ng5 19.Qe3 b6 
20.a4 Nxh3+ 21.gxh3 Qxh3 22.Ra2 h5 23.Nh1 Qxe3 
{??? That wasn't very good I don't think???}  
24.fxe3 R7xf1+ 25.Kg2 Re1 26.Ng3 
Rxe3 0-1

[Event "HCL-A071"]
[Site "www.playchess.de"]
[Date "2001.02.25"]
[Round "11"]
[White "Brent"]
[Black "Spiridonas"]
[WhiteElo "1158"]
[BlackElo "1592"]
[PlyCount "28"]
[Result "0-1"]

1.e4 e6 2.d4 d5 3.exd5 exd5 4.Bd3 Bd6 5.Nf3 Ne7 
6.Be3 Bf5 7.O-O Bxd3 8.Qxd3 O-O 9.c3 c6 10.Re1 Ng6 
11.Nbd2 Nd7 12.Re2 Nf6 13.Rae1 Nh5 14.Nf1 
Ngf4 0-1

[Event "HCL-C170"]
[Site "www.playchess.de"]
[Date "2001.02.25"]
[Round "17"]
[White "Translightor"]
[Black "Trodat"]
[WhiteElo "1422"]
[BlackElo "1000"]
[PlyCount "35"]
[Result "1-0"]

1.e4 {Welcome & Good luck! Where are you from?}  
e5 2.Nf3 Nf6 3.d4 d6 4.dxe5 dxe5 5.Qxd8+ Kxd8 
6.Nxe5 Be6 7.f3 Bd6 8.Nc4 Kf8 9.Nxd6 {I had hoped 
that Thomas would be able to take back your move, 
but well... Let's play on!}  b6 10.Nxe8 Nxe8 
11.Nc3 Nc6 12.Be3 Rd8 13.Rd1 Nd6 14.a3 Na5 15.b3 
h5 16.Be2 c5 17.O-O Nc6 18.Nb5 1-0

[Event "HCL-C162"]
[Site "www.playchess.de"]
[Date "2001.02.25"]
[Round "16"]
[White "Speedy"]
[Black "Translightor"]
[WhiteElo "1280"]
[BlackElo "1401"]
[PlyCount "78"]
[Result "0-1"]

1.e4 c5 2.Bc4 e6 3.Nc3 a6 4.Nf3 d6 5.O-O b5 6.Be2 
Bb7 7.a3 Qc7 8.d4 cxd4 9.Nxd4 Nf6 10.Bf3 Nbd7 
11.Re1 Be7 12.Qe2 O-O 13.Bg5 Rac8 14.b4 Qxc3 
{Oops!}  15.Qd3 {didn't notice that till it was 
too late}  Qxd3 {I know this feeling: In the 
moment you press "Move" you see what you've done!} 
 16.cxd3 Rc3 17.Be2 Rfc8 18.Rec1 d5 19.Rxc3 Rxc3 
20.exd5 Bxd5 21.Bd2 Rc8 22.Bf3 Ne5 23.Be2 Nfd7 
24.f4 Ng6 25.g3 Bf6 26.Be3 Rc3 27.h4 Ne7 28.Nf3 
Bxf3 29.Bxf3 Rxd3 30.Kf2 Bxa1 31.g4 Rxa3 32.h5 Nf6 
33.g5 Nfd5 34.Bxd5 Nxd5 35.Bd2 Bc3 36.Be3 Nxe3 
37.Kxe3 Bxb4+ 38.Ke4 Bd6 39.f5 {you've clearly not 
seen my cunning plan}  exf5+ {No, but your pawn 
formation is very threatening, indeed.} 
 0-1

[Event "ACL-A092"]
[Site "www.playchess.de"]
[Date "2001.02.25"]
[Round "6"]
[White "HAWAIIANhost"]
[Black "jjbranc"]
[WhiteElo "1500"]
[BlackElo "1500"]
[PlyCount "20"]
[Result "0-1"]

1.e3 e5 2.Nf3 Nc6 3.b3 g6 4.Bb2 Bg7 5.d4 d6 6.d5 
e4 7.Nd4 Nf6 8.Nxc6 bxc6 9.dxc6 O-O 10.Nd2 
d5 0-1

[Event "HCL-B169"]
[Site "www.playchess.de"]
[Date "2001.02.25"]
[Round "12"]
[White "Torenvalk"]
[Black "SailorMoon"]
[WhiteElo "1855"]
[BlackElo "1200"]
[PlyCount "21"]
[Result "1-0"]

1.e4 {good luck}  e5 {hallo!}  2.Nf3 f6 {thx :-)}  
3.Nxe5 fxe5 4.Qh5+ g6 {oh! danger!}  5.Qxe5+ Kf7 
6.Bc4+ d5 {I fell me lossing...}  7.Bxd5+ Qxd5 {I 
fell me more loosin´}  8.Qxd5+ Ke8 {I have lost.}  
9.Qe5+ Kf7 {:-(}  10.Qxh8 Nf6 {...}  
11.e5 1-0

[Event "HCL-B171"]
[Site "www.playchess.de"]
[Date "2001.02.25"]
[Round "4"]
[White "pird"]
[Black "Alone"]
[WhiteElo "1498"]
[BlackElo "1475"]
[PlyCount "28"]
[Result "0-1"]

1.e4 e5 2.Nc3 Nc6 3.f4 exf4 4.Nf3 g5 5.d4 Bg7 6.d5 
Ne5 7.d6 cxd6 8.Nb5 Nxf3+ 9.Qxf3 Be5 10.Bc4 Qb6 
11.Qh5 Nf6 12.Qxf7+ Kd8 13.g3 Nxe4 14.Rf1 
Bxb2 0-1

[Event "HCL-B176"]
[Site "www.playchess.de"]
[Date "2001.02.25"]
[Round "15"]
[White "daniela"]
[Black "dakini"]
[WhiteElo "1500"]
[BlackElo "1414"]
[PlyCount "71"]
[Result "1-0"]

1.e4 {wünsche dir viel Spaß. hast du schon 
Erfahrungen hier?}  e5 {Die gelben Krokusse blühen 
schon wieder ...}  2.f4 {Hallo Thomas, ist ja 
irre, dass du mich gleich gefunden hast!}  exf4 
{Ich habe im Augenblick ein C-Turnier gewonnen und 
darf jetzt "B" spielen ... und da warst Du !!!}  
3.Nf3 {und weshalb muss ich nicht bei "B" 
beginnen?}  g5 {Du meinst "C"? Keine Ahnung. 
Vielleicht hat sich da was geändert. Egal. Mach 
bitte kein Muziogambit,}  4.Bc4 {Dann eben den 
Läufer, den ich hier noch nie angewandt habe. Nur 
für dich ... Daniela}  g4 {Ich danke Dir, versuche 
aber trotzdem, Dich nicht schonen zu wollen ...}  
5.Ne5 {Das habe ich auch gar nicht erwartet. Denke 
nur an schachspiel.de!?}  Qh4+ 
{*macheichdochgernemiteinemlachendenundeinemweinendenauge*} 
 6.Kf1 {wolltest du Leerzeichen sparen?}  Nh6 {Als 
sparsamer Mensch gerät man auch mal an eine 
Tastatur, deren Leerzeichentaste defekt ist :-))}  
7.d4 {und ... anscheinend funktioniert ja wieder 
alles ... Wir waren heute lange spazieren, und 
Ihr?}  f3 {Es hängen da bei uns ein paar Wölkchen 
am Himmel ...}  8.Qd3 {Lässt hoffen, dass die sich 
bald verziehen ...}  fxg2+ {Danke für Dein 
Mitfühlen ... "Hoffen" ist ein furchtbares Wort, 
weil es viel zu viel Passivität verm}  9.Kxg2 
{Alles o.k. mit dir und Antje?}  d6 {Mit mir und 
Antje bestens. Nur meine Mutter macht uns 
ernstlich Sorgen. Sie trinkt und isst zu wenig}  
10.Bxh6 {Was sagen die Ärzte?}  Qh3+ {... ihr es 
nicht deutlich genug. Und bei uns macht sie 
einfach ein bißchen dicht.}  11.Kf2 {Ihr könnt da 
wohl wenig helfen, oder? Die Partie ist jedenfalls 
verzwickt!}  dxe5 {Wir wünschen uns alle, daß sie 
nochmal die Kurve kriegt.}  12.Qxh3 {Wir hoffen 
für Euch das Beste! Bedeutet 12d, dass ich 12 Tage 
für den nächsten Zug Zeit hätte?}  gxh3 {Ja. Jetzt 
dreizehn. Pro Zug erhälst Du bei den schnellen 
Turnieren 1 Tag dazu, bei den langsamen 2.}  
13.Be3 {Was für langsame Turniere? Dein Bauer auf 
e5 gefällt mir nicht so!*G*}  Rg8 {Schildkröten 
und Hasenturniere *grins* Gestern habe ich 5 
Partien in den Sand gesetzt. *lern*  Liebe}  
14.Rg1 {unser Spiel zählt aber nicht dazu. Waren 
die übirgen 5 hier oder bei schachspiel.de? LG 
zurück Dani}  Rxg1 {Ich bin hier noch bei anderen 
Turnieren mit dabei ... LG von den Kroküssen ...}  
15.Kxg1 {Da kann ich aber erst mitspielen, wenn 
ich ein Spiel beendet habe, oder? Sieht es schon 
besser aus?}  exd4 {Habe Dich vorhin mal versucht 
anzurufe, aber es hing leider nur die mailbox 
dran}  16.Bxd4 {habe ich im nachhinein 
mitbekommen, da unser Telefon deine Nr. angesagt 
hat. Morgen vielleicht?}  Nc6 {Morgen wird es eng, 
weil ich mich gleich nach der Arbeit zum Zug 
losmache. Wenn Zeit ist ja:-)}  17.c3 {Ich hoffe, 
dass du mit schöneren Gedanken wieder heimfahren 
wirst! Telefonieren können wir ja später}  Nxd4 
{Du solltest ja eigentlich schon schlafen, Frau 
Heinrich! Träum was Schönes}  18.cxd4 {Dominik 
bekommt gleich noch etwas Schönes! Gute Nacht, 
Herr Bachmann!}  Bg7 {ich wünsche ein sattes 
Bäuerchen nach dem leckeren Mahle... Ein 
Genießerchen wie d}  19.e5 {Deinen Wünschen wird 
er immer gerecht. Was kam denn nach 
"Genießerchen"?}  Bd7 {... die Mama! Oder hat er 
das von Volker? *schmunzel*}  20.Nc3 {Lass deiner 
Phantasie ruhig freien Lauf ... schmunzel, 
schmunzel Wie gehts sonst so?}  O-O-O {Zuviele 
Partien am Laufen ;-) Werde alles beenden und 
"heimlich trainieren" Sonst gehts gut Danke Un}  
21.Rf1 {Letzteres freut mich für euch. Ich spiele 
jetzt auch noch bei game.yahoo.com - mit einer 
Bekannten.}  Be6 {Na da hast Du ja alles gut 
organisiert ;-))}  22.Bxe6+ {langsam wird es aber 
auch zu viel! Kannste glauben ... Dominik meldet 
sich ... so'n Pech!}  fxe6 {Ich denke bei uns bald 
einem Schachclub beizutreten. Es ist doch 
lehrreicher, Partien am Stück zu sp}  23.Rf7 {Wenn 
es die Zeit erlaubt, würde ich dir immer dazu 
raten. Es macht auch großen Spaß!}  Rg8 24.Kf2 
{Guten Abend, heute mal ganz ohne Chat? Hat Antje 
dich davon abgehalten? *G*}  Bf8 {nein... *g* ich 
hatte es nur wieder mal zu eilig...}  25.Kf3 
{achso ... schnell ist nicht immer gut *G* weißt 
du doch!!}  h5 26.Nb5 {War mein letzter Chat zu 
frech? I'm sorry ...!}  a6 {Unterscheidest Du 
zwischen frech und zu frech? Und was ist mit 
schmunzelfrech?}  27.Nxc7 {Frech und zu frech ist 
schon 'was anderes. Schmunzelfrech ist wohl noch 
ganz anders zu sehen, oder?}  h4 28.Nxe6 {Hast du 
Stress? Wie gehts deiner Mutter?}  Rg2 {Ich habe 
zur Zeit Anspannung "hoch drei"! Du spielst sehr 
gut, ich zuviel! Sei lieb gegrüßt  thomas}  
29.Rxf8+ {Ist schon o.k. - ich bewundere dennoch 
deine Regelmäßigkeit hier bei P.! Ein erfreuliches 
Wochenende}  Kd7 30.Nc5+ Kc6 {Bin wieder in 
Heidelberg, meine Mutter "bemuttern". Ist schon 
stressig, jetzt die 4. Woche...}  31.e6 {Ist 
dennoch Besserung in Sicht, die euch aufatmen 
lässt?}  Rxh2 {Es geht ihr besser, dafür habe ich 
einen Hänger ... mehr über mail!}  32.e7 {Ist o.k. 
- hoffe trotzdem das Beste für euch!}  Re2 33.e8Q+ 
{%}  Rxe8 34.Rxe8 b6 {Möchtest Du remis???}  
35.Nxa6 {Ist deine Frage ernst gemeint?}  Kd5 
{Nein; mich hat nur das Zeichen"%" gewundert... 
Aufgabe im nächsten Zug!}  36.Rd8+ {Bin mir nicht 
bewusst, das Prozentzeichen eingegeben zu haben!?} 
 1-0

[Event "HCL-A079"]
[Site "www.playchess.de"]
[Date "2001.02.25"]
[Round "3"]
[White "celle"]
[Black "Lydeking"]
[WhiteElo "1700"]
[BlackElo "1534"]
[PlyCount "51"]
[Result "1/2-1/2"]

1.e4 c5 2.Nf3 d6 3.d4 cxd4 4.Nxd4 Nf6 5.Nc3 a6 
6.Bc4 e6 7.Bb3 b5 8.O-O Be7 9.f4 Bb7 10.Be3 b4 
11.e5 bxc3 12.exf6 Bxf6 13.f5 e5 14.Ba4+ Nd7 
15.Ne6 fxe6 16.Qxd6 Qe7 17.Qc7 Bd5 18.Rad1 O-O 
19.fxe6 Bxe6 20.Bxd7 Rac8 21.Qb7 Rcb8 22.Qc6 Bxd7 
23.Rxd7 cxb2 24.Rxe7 b1Q {%}  25.Ra7 Qxa2 
26.Rxa6 1/2-1/2

[Event "HCL-C184"]
[Site "www.playchess.de"]
[Date "2001.02.25"]
[Round "2"]
[White "patzer"]
[Black "kooldown"]
[WhiteElo "715"]
[BlackElo "1301"]
[PlyCount "21"]
[Result "1-0"]

1.e4 e6 2.d4 d5 3.e5 c5 4.c3 Nc6 5.Nf3 Qb6 6.a3 
cxd4 7.cxd4 f6 8.b4 fxe5 9.dxe5 Nge7 10.Be2 Ng6 
11.O-O 1-0

[Event "HCL-A079"]
[Site "www.playchess.de"]
[Date "2001.02.25"]
[Round "10"]
[White "One_i"]
[Black "chessnut"]
[WhiteElo "1600"]
[BlackElo "2020"]
[PlyCount "56"]
[Result "0-1"]

1.d4 {good luck to you from Canada}  Nf6 2.Nf3 g6 
3.Bf4 Bg7 4.c3 O-O 5.e3 d5 6.Nbd2 Nbd7 7.Bd3 c5 
8.O-O c4 9.Bc2 Nh5 10.Re1 Nxf4 11.exf4 e6 12.Ne5 
b5 13.Re3 Bh6 14.Qg4 Nxe5 15.dxe5 f5 16.exf6 e5 
17.Qh4 Bxf4 18.Re2 Qxf6 19.Qxf6 Rxf6 20.Nf3 Bg4 
21.h3 Bxf3 22.gxf3 a5 23.Rd1 Rd8 24.a3 d4 25.cxd4 
exd4 26.Re7 d3 27.Bb1 a4 28.Ba2 
Rf5 0-1

[Event "ACL-A096"]
[Site "www.playchess.de"]
[Date "2001.02.25"]
[Round "18"]
[White "MP"]
[Black "celle"]
[WhiteElo "1500"]
[BlackElo "1500"]
[PlyCount "30"]
[Result "0-1"]

1.e4 c5 2.Nf3 Nc6 3.Nc3 d6 4.Be2 Nf6 5.O-O g6 6.d3 
Bg7 7.Bg5 O-O 8.Nd5 Nxd5 9.exd5 Nb4 10.c3 Nxd5 
11.h4 Qb6 12.Rb1 h6 13.Be3 Nxe3 14.fxe3 Be6 15.a3 
Ba2 0-1

[Event "HCL-C189"]
[Site "www.playchess.de"]
[Date "2001.02.25"]
[Round "6"]
[White "Stef"]
[Black "patzer"]
[WhiteElo "827"]
[BlackElo "929"]
[PlyCount "68"]
[Result "0-1"]

1.d4 Nf6 {Vielleicht läuft es hier ja besser für 
dich...}  2.Nc3 {hoffentlich. ist ja jetzt schon 
unser drittes spiel.}  g6 3.e4 Bg7 4.Bb5 {bist 
aber defensiv}  c6 {Ich wollte nicht in die 
gleiche Eröffnung unserer vorherigen Partie...}  
5.Ba4 {du achtest auf eröffnungen?}  b5 {Wie 
meinst Du das jetzt?}  6.Bb3 {ich hab keine 
eröffnungen, nach denen ich spiele. ich fang 
einfach irgendwie an}  O-O {Darum ist mir das 
ganze hier auch schon unbekannt. :)}  7.Nf3 {daran 
wird es wohl liegen}  d6 8.O-O Bg4 9.h3 b4 10.Na4 
Bd7 11.Qd2 Nxe4 12.c3 Nxd2 13.Bxd2 bxc3 14.Bxc3 e6 
15.Rfe1 Na6 16.h4 Bf6 17.Bc4 Bxh4 18.Nxh4 Qxh4 
19.Re2 c5 20.dxc5 Qxc4 21.b3 Qxe2 22.Nb6 axb6 
23.cxb6 Rab8 24.a3 Rxb6 25.b4 Rb5 26.g4 Qxg4+ 
27.Kf1 Rf5 28.b5 Qc4+ 29.Kg2 Qxc3 30.b6 Qxa1 31.b7 
Bc6+ 32.Kg3 Qxa3+ 33.Kh2 Rxf2+ 34.Kg1 
Qg3+ 0-1

[Event "HCL-B164"]
[Site "www.playchess.de"]
[Date "2001.02.25"]
[Round "8"]
[White "serpens"]
[Black "Killer"]
[WhiteElo "1500"]
[BlackElo "1500"]
[PlyCount "20"]
[Result "1/2-1/2"]

1.e4 c5 2.f4 d5 3.exd5 Nf6 4.c4 b5 5.b3 b4 6.Nf3 
e6 7.dxe6 Bxe6 8.Be2 Nc6 9.O-O Bg4 10.Bb2 
Qc7 1/2-1/2

[Event "ACL-A097"]
[Site "www.playchess.de"]
[Date "2001.02.25"]
[Round "5"]
[White "Killer"]
[Black "esad"]
[WhiteElo "1500"]
[BlackElo "1500"]
[PlyCount "24"]
[Result "0-1"]

1.e4 e5 2.Nf3 Nc6 3.Bb5 Nge7 4.c3 a6 5.Ba4 g6 6.d4 
Bg7 7.Bg5 f6 8.Bh4 h5 9.Bxc6 Nxc6 10.dxe5 g5 
11.exf6 Bxf6 12.Bg3 h4 0-1

[Event "HCL-B180"]
[Site "www.playchess.de"]
[Date "2001.02.25"]
[Round "1"]
[White "pird"]
[Black "dakini"]
[WhiteElo "1487"]
[BlackElo "1376"]
[PlyCount "87"]
[Result "1-0"]

1.e4 e5 2.d4 exd4 3.c3 dxc3 4.Bc4 cxb2 5.Bxb2 Nc6 
6.Nf3 h6 7.O-O d6 8.Re1 Be6 9.Bxe6 fxe6 10.Qb3 d5 
11.exd5 Nb4 12.Rxe6+ Be7 13.d6 cxd6 14.Qxb4 Qb6 
15.Qxb6 axb6 16.Na3 Rc8 17.Rc1 Rxc1+ 18.Bxc1 Kd7 
19.Re2 Nf6 20.Nc4 b5 21.Ncd2 Rc8 22.Nb3 Nd5 
23.Nfd4 b4 24.Bb2 Ra8 25.Nc1 Nc3 26.Bxc3 bxc3 
27.Nb5 Rc8 28.Re3 Bg5 29.Re1 Bxc1 30.Rxc1 d5 
31.Rxc3 Rxc3 32.Nxc3 d4 33.Nd1 Kd6 34.f3 Kd5 
35.Kf2 b5 36.Ke2 b4 37.Kd3 Kc5 38.h4 Kb5 39.Kxd4 
Ka4 40.Kc4 Ka3 41.g4 g6 42.f4 Ka4 43.f5 h5 
44.gxh5 1-0

[Event "HCL-B180"]
[Site "www.playchess.de"]
[Date "2001.02.25"]
[Round "7"]
[White "Jefersonmello"]
[Black "pird"]
[WhiteElo "1500"]
[BlackElo "1487"]
[PlyCount "75"]
[Result "1-0"]

1.e4 c6 2.d4 d5 3.e5 Bf5 4.Nf3 e6 5.Bd3 Bxd3 
6.Qxd3 Qb6 7.O-O c5 8.c3 Nc6 9.Nbd2 Nge7 10.dxc5 
Qxc5 11.Nb3 Qb6 12.Be3 Qc7 13.Bd4 Ng6 14.Rfe1 Be7 
15.g3 h5 16.Re3 h4 17.Rae1 hxg3 18.fxg3 O-O-O 
19.Nfd2 Rh3 20.Qf1 Rdh8 21.R1e2 Bg5 22.Rf3 Ncxe5 
23.Rff2 f6 24.Nc5 Ng4 25.Nxe6 Qd7 26.Rfg2 Nxh2 
27.Qf5 Nf8 28.Nxg7 Qxf5 29.Nxf5 Ng4 30.Kf1 Ng6 
31.Bxa7 N6e5 32.a4 Bxd2 33.Rexd2 b6 34.Bxb6 Nc4 
35.Nd6+ Nxd6 36.Rxd5 Nc4 37.Rc5+ Kb7 
38.Rxc4 1-0